| 000 | 01049nam a22003257a 4500 | ||
|---|---|---|---|
| 003 | CHAP | ||
| 005 | 20220329140633.0 | ||
| 008 | 971013s1960 r 00010 d | ||
| 010 | _a55134 | ||
| 011 | _a56106 | ||
| 035 | _a60259 | ||
| 040 | _cCHAP | ||
| 082 |
_a311.21 _bY38 |
||
| 100 | 0 | 0 |
_aYates, Frank. _9123015 |
| 245 | _aSampling methods for census and surveys | ||
| 250 | _a3 ed. | ||
| 260 |
_aNew York : _bHafner, _c1960 |
||
| 300 | _a440 p. | ||
| 590 |
_aBATCH-UPD _b10 _c20130110 _lUCH01 _h1214 |
||
| 590 |
_aBATCH-UPD _b10 _c20130410 _lUCH01 _h0752 |
||
| 590 |
_aBATCH-UPD _b10 _c20130914 _lUCH01 _h1833 |
||
| 590 |
_aCONVERSION _b10 _c20130109 _lUCH01 _h1330 |
||
| 650 | 1 | 4 |
_aMuestreo estadÃstico. _979288 |
| 901 | _aBK | ||
| 942 | _cLIBRO | ||
| 949 |
_a311.21 Y38 _bBC _cLIBRO _d33724000295648 _eLIBRO _fc.4 _i60259 _si |
||
| 949 |
_a311.21 Y38 _bBC _cLIBRO _d33724000295655 _eLIBRO _i60259 _si |
||
| 949 |
_a311.21 Y38 _bBC _cLIBRO _d33724000295663 _eLIBRO _fc.2 _i60259 _si |
||
| 949 |
_a311.21 Y38 _bBC _cLIBRO _d33724000295671 _eLIBRO _fc.3 _i60259 _si |
||
| 999 |
_c55134 _d55134 |
||